000
00342 a2200157 4500
001
58385
020
_a
8508057776
040
_c
Anchieta - Pituba
100
_a
Sabino, Fernando
240
1
0
_a
O outro gume da faca
_l
por
245
1
0
_a
O outro gume da faca
300
_a
103
362
0
_a
1996
650
4
_a
Ficção brasileira
942
_c
BK
999
_c
58385
_d
58385